Elemental standard form of cost analysis (Record no. 114326)
[ view plain ]
| 000 -LEADER | |
|---|---|
| fixed length control field | 01723cad a22002535a 4500 |
| 008 - FIXED-LENGTH DATA ELEMENTS--GENERAL INFORMATION | |
| fixed length control field | 140612s2012 xxk f 001 0 eng d |
| 020 ## - INTERNATIONAL STANDARD BOOK NUMBER | |
| International Standard Book Number | 9781907196294 |
| 035 ## - SYSTEM CONTROL NUMBER | |
| System control number | (Sirsi) u156621 |
| 041 0# - LANGUAGE CODE | |
| Language code of text/sound track or separate title | eng |
| 110 2# - MAIN ENTRY--CORPORATE NAME | |
| Corporate name or jurisdiction name as entry element | Building Cost Information Services |
| 9 (RLIN) | 6102 |
| 245 00 - TITLE STATEMENT | |
| Title | Elemental standard form of cost analysis |
| Remainder of title | principles, instructions, elements and definitions |
| Medium | [electronic resource] |
| 250 ## - EDITION STATEMENT | |
| Edition statement | 4th ed. |
| 260 ## - PUBLICATION, DISTRIBUTION, ETC. | |
| Place of publication, distribution, etc. | London |
| Name of publisher, distributor, etc. | BCIS |
| Date of publication, distribution, etc. | 2012 |
| 300 ## - PHYSICAL DESCRIPTION | |
| Extent | v, 108p. |
| 505 2# - FORMATTED CONTENTS NOTE | |
| Formatted contents note | Introduction -- Principles of analysis -- Instructions -- Definitions -- Element definitions -- Levels of Analyses -- Analysis forms -- BCIS analyses XML schema. |
| 520 ## - SUMMARY, ETC. | |
| Summary, etc. | This publication sets out to explain the principles of analysis, instructions on the information required to complete a costs analysism, general definitions, definitions of the elements and sub-elements and element unit quantities It also contains example analysis forms, describes the BCIS elemental XML schema and the BCIS analysis writer programme. |
| 520 ## - SUMMARY, ETC. | |
| Summary, etc. | Conversations with BCIS in March 2024 stated that the 4th edition was the last one and no plans for a new one |
| 521 ## - TARGET AUDIENCE NOTE | |
| Target audience note | Advanced. |
| 651 #4 - SUBJECT ADDED ENTRY--GEOGRAPHIC NAME | |
| Geographic name | United Kingdom |
| 690 ## - LOCAL SUBJECT ADDED ENTRY--TOPICAL TERM (OCLC, RLIN) | |
| Topical term or geographic name as entry element | Cost management |
| 9 (RLIN) | 6233 |
| 856 40 - ELECTRONIC LOCATION AND ACCESS | |
| Uniform Resource Identifier | <a href="https://web.archive.org/web/20210216184912/https://www.rics.org/globalassets/rics-website/media/products/data-products/bcis-construction/bcis-elemental-standard-form-cost-analysis-4th-nrm-edition-2012.pdf">https://web.archive.org/web/20210216184912/https://www.rics.org/globalassets/rics-website/media/products/data-products/bcis-construction/bcis-elemental-standard-form-cost-analysis-4th-nrm-edition-2012.pdf</a> |
| Public note | Archived on the internet archive |
| 856 40 - ELECTRONIC LOCATION AND ACCESS | |
| Uniform Resource Identifier | <a href="https://www.isurv.com/downloads/file/8313/bcis_elemental_standard_form_of_cost_analysis_principles_instructions_elements_and_definitions_4th_nrm_edition">https://www.isurv.com/downloads/file/8313/bcis_elemental_standard_form_of_cost_analysis_principles_instructions_elements_and_definitions_4th_nrm_edition</a> |
| Public note | Available on isurv (subscription required) |
| 942 ## - ADDED ENTRY ELEMENTS (KOHA) | |
| Suppress in OPAC | 0 |
| Source of classification or shelving scheme | Dewey Decimal Classification |
| Withdrawn status | Lost status | Source of classification or shelving scheme | Damaged status | Not for loan | Home library | Current library | Shelving location | Date acquired | Total Checkouts | Full call number | Barcode | Date last seen | Copy number | Price effective from | Koha item type | Uniform Resource Identifier | Public note |
|---|---|---|---|---|---|---|---|---|---|---|---|---|---|---|---|---|---|
| Dewey Decimal Classification | Virtual | Virtual | Online | 14/06/2012 | ONLINE PUBLICATION | 156621-3001 | 06/08/2019 | 1 | 06/08/2019 | Online material | |||||||
| Virtual | Virtual | Online | 01/10/2024 | isurv | 01/10/2024 | 01/10/2024 | Online material | https://www.isurv.com/downloads/file/8313/bcis_elemental_standard_form_of_cost_analysis_principles_instructions_elements_and_definitions_4th_nrm_edition | Available on isurv (subscription required) |